000 00572nam a2200169 4500
999 _c5040
_d5040
008 150907b xxu||||| |||| 00| 0 eng d
020 _a0812115341
050 _aSF 871 .R47 1993
100 _aHafez, E. S. E.
_d1993
245 _aReproduction in farm animals/
_cEdited by E. S. E. Hafez
250 _a6th ed.
260 _aPhiladelphia.
_bLea & Febiger,
_c1993.
300 _axv, 573p.
_bill.;
_c26cm
650 _aLivestock - Reproduction.
650 _aVeterinary physiology.
942 _2lcc
_cBOOKS
_hSF 871 .R47 1993
_02